000 00582nam a2200193Ia 4500
003 GCL
005 20240530095915.0
008 140319s9999 xx 000 0 eng d
040 _aGCL /
_cGCL
082 0 4 _a759
_bP A
100 1 _aPALAZZO, GRASSI
245 1 0 _aTHE ARCIM BOLDO EFFECT : TRANSBARMATIONS OF THE FACE FROM THE SIXTEENTH TO THE TWENIETH CENTURY /
_cPALAZZO, GRASSI
260 _a[S.N] :
_bTHAMES AND HUDSON ،
_c1987
300 _a401 P P
650 0 4 _aEXHILRTIONA, VENICE
650 0 4 _aARCIMLOLDO, GUISEPPE
650 0 4 _aARSIMLOLDO PAINTINGS
942 _2ddc
_cBK
999 _c11958
_d11958